000 00509nam a22001817a 4500
005 20251108170940.0
008 250721s1987 xx 000 0 ara d
082 1 4 _aط/م/796/ريا
245 1 0 _aرياضة و هوايات /
264 1 _aجنيف :
_bشركة ترادكسيم،
_c1987.
300 _a160ص؛مص
490 0 _aكتاب المعرفه
650 1 7 _aالترفيه
650 1 7 _aالهوايات
653 _aناشون كبار (15-18)سنة
942 _2ddc
_cREF
999 _c52826
_d52826